000 01345nam a2200409 a 4500
003 AR-BaBNM
005 20251128205536.0
008 082120s2002 ||||||||||||||000 | spa||
020 _a950-12-6112-3
040 _cAR-BaBNM
110 2 _aGrupo SIMA
245 0 0 _aMaestra, ¿usted...de qué trabaja?
_bexperiencias pedagógicas para compartir y reflexionar sobre la tarea cotidiana de enseñar
250 _a1ª ed.
260 _aBuenos Aires
_bPaidós
_c1996
300 _a200 p.
_bil., diagr.
490 0 _aCuestiones de educación
_vv. 12
500 _aContiene referencias bibliográficas en notas a pie de página
500 _aGRUPO SIMA: SOMOS SIMPLEMENTE MAESTROS
650 4 _aROL DEL DOCENTE
650 4 _aPRACTICA DOCENTE
650 4 _aZONAS URBANAS
650 4 _aDISCIPLINA
650 4 _aMATERIAL DIDACTICO
650 4 _aBIBLIOTECAS ESCOLARES
650 4 _aORGANIZACION ESCOLAR
650 4 _aPARTICIPACION DE LOS PADRES
650 4 _aENSEÑANZA DE LA LECTURA
650 4 _aENSEÑANZA DE LA ESCRITURA
653 _aEXPERIENCIAS EDUCATIVAS
700 1 _aMarucco, Marta
_ecoordinador
700 1 _aGolzman, Guillermo
_ecoordinador
700 1 _aCabrera, Francisco
_eprologuista
800 1 _aDelgadillo, María Carmen
_edirector
800 1 _aAlen, Beatríz
_edirector
942 _cBK
998 _csilvi
999 _c11809
_d11809